| 000 | 00379nam a22001217a 4500 | ||
|---|---|---|---|
| 020 | _a978-1529610819 | ||
| 082 |
_a658 _bLAA |
||
| 100 | _aLaasch, Oliver | ||
| 245 |
_aPrinciples of Business & Management: Practicing Ethics, Responsibility, Sustainability / _cOliver Laasch |
||
| 260 |
_a London: _bSAGE Publications Ltd, _c2024. |
||
| 300 | _a942p. : | ||
| 942 |
_2ddc _cBK |
||
| 999 |
_c613590 _d613590 |
||